| 000 | 00362nam a22001337a 4500 | ||
|---|---|---|---|
| 020 | _qHB. | ||
| 040 | _cFIZZA ISHAQ | ||
| 082 |
_a973 _bWOO |
||
| 100 |
_a Wood , Clement. _9134049 |
||
| 245 |
_aA complete history of the United States / _c Clement Wood. |
||
| 260 |
_aNew York: _bWorld Pub. Co, _c1941. |
||
| 300 |
_a625 P. ; _c8.2 x 5.5 inches |
||
| 942 |
_2ddc _cBK |
||
| 999 |
_c616977 _d616977 |
||